| 000 | 00685nam a2200241Ia 4500 | ||
|---|---|---|---|
| 003 | OSt | ||
| 005 | 20221005073457.0 | ||
| 006 | a|||||r|||| 00| 0 | ||
| 007 | ta | ||
| 008 | 221004b |||||||| |||| 00| 0 eng d | ||
| 024 | _a61605 | ||
| 037 | _cTextual | ||
| 040 |
_aCRL _cCRL _beng |
||
| 041 |
_2eng _aeng |
||
| 082 | _aV1:19(zk)p1,N83, M3 | ||
| 111 |
_aConference of heads of state or Government of non-Aligned countris (1983 : New Delhi India) _9608042 |
||
| 245 | 0 | _aFinal document | |
| 260 |
_aNew Delhi _bIndia Offset _c1983 |
||
| 300 |
_a234p. _ccm. |
||
| 650 | _aHISTORY | ||
| 942 |
_hV1:19(zk)p1,N83, M3 _cTEXL _2cc |
||
| 999 |
_c981198 _d981198 |
||